CAPITALI CONQUISTATI DA ALTRI STATI (LETTERA C) - Statistics

Statistiche generali
  • Questo quiz è stato fatto 29 volte
  • Il punteggio medio è 16 su 16
Statistiche sulle risposte
CAPITALE STATO CHE L'HA CONQUISTATA % Corretto
Ciad: N'DJAMENA Francia
100%
Comore: MORONI Francia
100%
Costa d'Avorio: YAMOUSSOUKRO Francia
100%
Cina: Pechino Francia/Regno Unito/Mongolia/Giappone/Taiwan
100%
Camerun: YAOUNDE' Germania/Francia
100%
Corea del Sud: SEUL Giappone/Usa/Corea del Nord
100%
Cipro: NICOSIA Italia/Macedonia/Grecia/Turchia/Regno Unito
100%
Capo Verde: PRAIA Portogallo
100%
Canada: OTTAWA Regno Unito
100%
Corea del Nord: PYONGYANG Russia/Mongolia/Giappone/Corea del Sud
100%
Cile: SANTIAGO Spagna
100%
Colombia: BOGOTA' Spagna
100%
Cuba: L'AVANA Spagna/Regno Unito/Usa/Francia
100%
Cambogia: PHNOM PENH Thailandia/Vietnam/Francia/Giappone
100%
Costa Rica: SAN JOSE' Usa/Messico
92%
Croazia: ZAGABRIA Italia/Ungheria/Turchia
83%
Nessun quiz corrispondente trovato
Distribuzione punteggi
Percentuale di utenti per punteggio
Percentile per numero di risposta
I tuoi punteggi nel tempo
Non hai fatto questo quiz